00445nam a22001577a 450000500170000000800410001704000210005804100080007908200130008710000270010024500490012725000120017626000400018830000100022865000490023820230609141747.0230609b ||||| |||| 00| 0 eng d aIN-DiNCcIN-DiNC dasm a920bSHA aSharma, Tridibeauthor aPandit Deendayal Upadhyay/cby Tridib Sharma a1st ed. aGuwahati:bAssam book trust,c2017. a164p. aBiography and ideology of Deendayal Upadhyay